Proces zařizování bytu mladých domácností
Saved in:
| Main Author: | |
|---|---|
| Other Authors: | |
| Format: | Book |
| Language: | Czech |
| Published: |
Praha
Výzkumný ústav obchodu
1984
|
| Series: | Knižnice VÚO
183 |
| Tags: |
No Tags, Be the first to tag this record!
|
MARC
| LEADER | 00000nam a2200000 4500 | ||
|---|---|---|---|
| 001 | c107549 | ||
| 005 | 20251110134140.9 | ||
| 041 | 0 | |a cze | |
| 044 | |a CZ | ||
| 245 | 1 | 0 | |a Proces zařizování bytu mladých domácností |c Vlasta Štěpová, Růžena Komárková |
| 264 | 1 | |a Praha |b Výzkumný ústav obchodu |c 1984 | |
| 300 | |a 30 s. | ||
| 490 | 1 | |a Knižnice VÚO |v 183 | |
| 830 | 0 | |a Knižnice VÚO |v 183 | |
| 100 | 1 | |a Štěpová, Vlasta | |
| 700 | 1 | |a Komárková, Růžena | |